000 01077nam a22003257a 4500
003 CHAP
005 20220817042129.0
008 971013s1978 it r 00010 spa d
010 _a35606
011 _a36578
035 _a40697
040 _cCHAP
090 _aFolleto 5818
110 1 _aFAO
245 1 _aBibliografía del crédito agrícola
260 _aRoma :
_bFAO,
_c1978-79
300 _av.
500 _aLa biblioteca tiene: 1978, 1979, 1984 v.3, 1985 v.4
590 _aBATCH-UPD
_b10
_c20130110
_lUCH01
_h0223
590 _aBATCH-UPD
_b10
_c20130409
_lUCH01
_h2244
590 _aBATCH-UPD
_b10
_c20130914
_lUCH01
_h1100
590 _aCONVERSION
_b10
_c20130109
_lUCH01
_h1320
650 1 4 _aCrédito agrícola
_xBibliografía.
_929034
901 _aBK
942 _cFOLL
949 _aFolleto 5818
_bBC
_cFAO
_d-92985
_eFAO1
_h1978
_i40697
_si
949 _aFolleto 5818
_bBC
_cFAO
_d-92986
_eFAO1
_f1979
_h1978
_i40697
_si
949 _aFolleto 5818
_bBC
_cFAO
_d-92987
_eFAO1
_f1984 v.3
_h1978
_i40697
_si
949 _aFolleto 5818
_bBC
_cFAO
_d-92988
_eFAO1
_f1985 v.4
_h1978
_i40697
_si
999 _c35606
_d35606